|
|
|
|
| LEADER |
00903ncm a22002172a 4500 |
| 001 |
001241562 |
| 003 |
CZ BrMZK |
| 005 |
20120907081659.0 |
| 007 |
qu |
| 008 |
120822s1904 au |||||||||||||||||zxx d |
| 040 |
|
|
|a BOA001
|b cze
|
| 072 |
|
7 |
|a 786
|x Hudba pro klávesové nástroje
|2 Konspekt
|9 9
|
| 100 |
1 |
|
|a Dohnányi, Ernő,
|d 1877-1960
|7 jn20010601278
|4 cmp
|
| 245 |
1 |
0 |
|a Concert (E Moll), Op. 5
|h [hudebnina] :
|b für Pianoforte und Orchester : Pianoforte Solostimme mit unterlegtem zweitem Pianoforte (Orchester) /
|c componiert von Ernö Dohnányi
|
| 260 |
|
|
|a Wien :
|b Ludwig Doblinger,
|c 1904
|
| 300 |
|
|
|a 86 s.
|
| 910 |
|
|
|a BOA001
|b Mus4-0575.985
|b Mus4-0576.368
|
| 990 |
|
|
|a MU
|
| 991 |
|
|
|b 201208
|
| 996 |
6 |
|
|b 2619467405
|c Mus4-0575.985
|l MZK
|r Sklad / do 1 hodiny
|n 0
|w 001275554
|u 000010
|a 1
|e BOA001
|j MZK50
|s P
|
| 996 |
6 |
|
|b 2619467406
|c Mus4-0576.368
|l MZK
|r Sklad / do 1 hodiny
|n 0
|w 001275554
|u 000020
|a 1
|e BOA001
|j MZK50
|s P
|